Anthology of Bengali proverbs and bachans / (Record no. 7903)
[ view plain ]
| 000 -LEADER | |
|---|---|
| fixed length control field | 00828cam a2200265 a 4500 |
| 001 - CONTROL NUMBER | |
| control field | 7903 |
| 003 - CONTROL NUMBER IDENTIFIER | |
| rucl marc code | BD-RjUL |
| 005 - DATE AND TIME OF LATEST TRANSACTION | |
| control field | 20211208234507.0 |
| 008 - FIXED-LENGTH DATA ELEMENTS--GENERAL INFORMATION | |
| fixed length control field | 140116r20102003bg b 000 0 eng d |
| 020 ## - INTERNATIONAL STANDARD BOOK NUMBER | |
| International Standard Book Number | 9840743597 |
| 035 ## - SYSTEM CONTROL NUMBER | |
| System control number | (BD-RjUL)7947 |
| -- | (DLC)2003331634 |
| 040 ## - CATALOGING SOURCE | |
| Original cataloging agency | DLC |
| Transcribing agency | DLC |
| Modifying agency | BD-RjUL |
| Language of cataloging | eng |
| 041 1# - LANGUAGE CODE | |
| Language code of text/sound track or separate title | eng |
| -- | ben |
| 082 00 - DEWEY DECIMAL CLASSIFICATION NUMBER | |
| Classification number | 398.99144 |
| Edition number | 23 |
| Author mark and year | ZAA 2010 |
| 100 1# - MAIN ENTRY--PERSONAL NAME | |
| Personal name | Zamir, Muhammad, |
| Dates associated with a name | 1945- |
| 9 (RLIN) | 24664 |
| 245 10 - TITLE STATEMENT | |
| Title | Anthology of Bengali proverbs and bachans / |
| Statement of responsibility, etc. | by Muhammad Zamir. |
| 250 ## - EDITION STATEMENT | |
| Edition statement | 1st ed. |
| 260 ## - PUBLICATION, DISTRIBUTION, ETC. (IMPRINT) | |
| Place of publication, distribution, etc. | Dhaka : |
| Name of publisher, distributor, etc. | Bangla Academy, |
| Date of publication, distribution, etc. | 2003 [Reprint 2010] |
| 300 ## - PHYSICAL DESCRIPTION | |
| Pagination | x, 228 p. ; |
| Size | 24 cm. |
| 504 ## - BIBLIOGRAPHY, ETC. NOTE | |
| Bibliography, etc | Includes bibliographical references (p. 227-228). |
| 650 #0 - SUBJECT ADDED ENTRY--TOPICAL TERM | |
| Topical term or geographic name as entry element | Proverbs, Bengali. |
| 9 (RLIN) | 24665 |
| 710 2# - ADDED ENTRY--CORPORATE NAME | |
| Corporate name or jurisdiction name as entry element | Bāṃlā Ekāḍemī (Bangladesh) |
| 9 (RLIN) | 6661 |
| 942 ## - ADDED ENTRY ELEMENTS (KOHA) | |
| Source of classification or shelving scheme | Dewey Decimal Classification |
| Koha item type | Books |
| Lost status | Source of classification or shelving scheme | Damaged status | Not for loan | Collection code | Permanent Location | Current Location | Shelving location | Date acquired | Source of acquisition | Cost, normal purchase price | Total Checkouts | Full call number | Date last seen | Date checked out | Copy number | Koha item type |
|---|---|---|---|---|---|---|---|---|---|---|---|---|---|---|---|---|
| Dewey Decimal Classification | Non-fiction | Central Library, University of Rajshahi | Central Library, University of Rajshahi | 18/07/2012 | Dhaka, Bangla Academy | 250.00 | 2 | 398.99144 ZAA 2010 | 12/05/2019 | 05/05/2019 | C-2 | Books | ||||
| Dewey Decimal Classification | Not For Loan | Non-fiction | Central Library, University of Rajshahi | Central Library, University of Rajshahi | Reading Room | 18/07/2012 | Bangla Academy, Dhaka | 250.00 | 398.99144 ZAA 2010 | 05/01/2017 | C-1 | Books |